| 000 | 00737nam a2200253 i 4500 | ||
|---|---|---|---|
| 001 | 8064 | ||
| 003 | ES-MaACL | ||
| 005 | 20240508104624.0 | ||
| 007 | t| | ||
| 008 | 910623s1991 sp ||||1| spa d | ||
| 020 | _a84-7658-291-9 | ||
| 080 | _a86-34"19" | ||
| 080 | _a86(Jimenez Lozano,J.7 G.01) | ||
| 100 | 1 |
_aJiménez Lozano, José. _966552 |
|
| 245 | 1 | 4 |
_aLos Grandes relatos / _cJose Jimenez Lozano. |
| 250 | _a1a ed. | ||
| 260 |
_aBarcelona : _bAnthropos, _c1991. |
||
| 300 |
_a143 p. ; _c20 cm. |
||
| 490 | 1 |
_aAmbitos literarios. Narrativa ; _v33 |
|
| 830 | 0 | 0 |
_aÁmbitos literarios. _pNarrativa ; _v33 _9177289 |
| 852 |
_aES-MaACL _jL-15325 _bR.119564 _z. - rust. |
||
| 942 | _2udc | ||
| 999 |
_c8064 _d8064 |
||